| 000 | 01971cam a22005414i 4500 | ||
|---|---|---|---|
| 003 | PE-LiUPU | ||
| 005 | 20250731184510.0 | ||
| 008 | 070921s2007 pe ab b 000 0 spa c | ||
| 020 | _a9789972221408 | ||
| 020 | _a9972221407 | ||
| 035 | _a(Sirsi) i9789972221408 | ||
| 040 |
_aCOO _beng _cCOO _dDLC _dOCLCF _dOCLCQ _dPE-LiUPU _erda |
||
| 049 | _aPRUA | ||
| 050 | 0 | 0 |
_aF3429.1.L78 _bF47 2007 |
| 082 | 0 | 0 |
_a985.25 _bF42 _222 |
| 100 | 1 |
_aFernández Valle, Juan, _d1971-, _eautor. |
|
| 245 | 1 | 4 |
_aLos ruricancho : _borígenes prehispánicos de San Juan de Lurigancho / _cJuan Fernández Valle. |
| 264 |
_aLima : _bFondo Editorial del Congreso del Perú, _c[2007] |
||
| 300 |
_a205 páginas : _bilustraciones ; _c24 centímetros. |
||
| 336 |
_text _2rdacontent |
||
| 337 |
_unmediated _2rdamedia |
||
| 338 |
_volume _2rdacarrier |
||
| 504 | _aBibliografía : páginas 195-205. | ||
| 505 | 2 | _aRuricancho en la Lima Prehispánica -- Los lurigancho en la Colonia, siglo XVI-XVII. | |
| 526 | _aP136 | ||
| 526 | _aP135 | ||
| 526 | _aP134 | ||
| 526 | _aP133 | ||
| 526 | _aP144 | ||
| 526 | _aP143 | ||
| 526 | _aP87 | ||
| 526 | _aP35 | ||
| 526 | _aP20 | ||
| 526 | _aP14 | ||
| 526 | _aP10 | ||
| 526 | _aP06 | ||
| 541 | _g002-000012: | ||
| 650 | 0 |
_aIndios de América del Sur _zPeru _zLurigancho _xAntigüedades. |
|
| 651 | 0 |
_aLurigancho (Peru) _xAntiquities. |
|
| 651 | 0 |
_aLurigancho (Peru) _xHistory. |
|
| 651 | 7 |
_aPeru _zLurigancho. _2fast |
|
| 655 | 7 | _aHistory. | |
| 942 |
_2ddc _cBOOK |
||
| 949 |
_a985.25 F42 _wDEWEY _c1 _i74458 _lCCODEBUL1 _mBUL _p17.81 _r0 _sY _tBOOK _u2016-8-12 _xINGENIERIA _PP06 _0COMPRA _o.STAFF. Colección General |
||
| 994 |
_aC0 _bPEPRU |
||
| 596 | _a1 | ||
| 999 |
_a985.25 F42 _wDEWEY _c11870 _i74458 _d11870 _e2019-3-12 _f2021-11-8 _g7 _lCCODEBUL1 _mBUL _n6 _p17.81 _q2 _r0 _sY _tBOOK _u2016-8-12 _xBIBLIOTECA _PP06 _0COMPRA _o.STAFF. Colección General |
||
| 980 |
_81 _gALBERTO SANCHEZ Responsable de Automatización |
||